| 000 | 01187pab a2200193 454500 | ||
|---|---|---|---|
| 008 | 180718b2010 xxu||||| |||| 00| 0 eng d | ||
| 100 | _aVerma, Ravindra Kumar | ||
| 245 | _aLinkages between political parties and Panchayati Raj Institution in Bihar | ||
| 260 | _c2010 | ||
| 300 | _ap.223-31. | ||
| 362 | _aJan-Mar | ||
| 520 | _aWhether in practice or not in a particular state, political parties become interested in panchayati raj institutions (PRIs) in order to intonate them as mobilizing force in Assembly and Parliamentary elections on one hand and the panchayat leaders become inclined to enable themselves to render services and help to their constituents in shape of handling bureaucratic procedures and in redressal of their grievances through using the network of political parties on the other. The present paper deals with the latent and manifested modes of involvement of political parties in Bihar and goes to assess the legitimacy of their involvement. - Reproduced. | ||
| 650 | _aPolitical parties - India - Bihar | ||
| 650 | _aPanchayat - India - Bihar | ||
| 650 | _aPanchayat | ||
| 773 | _aIndian Journal of Political Science | ||
| 908 | _aN | ||
| 909 | _a87268 | ||
| 999 |
_c87268 _d87268 |
||